000
00341nam a2200133Ia 4500
008
151213s9999 xx 000 0 und d
100
_a
Elizabeth Salizby
245
_a
Distance Share
_c
Elizabeth Salizby
260
_a
New Yeork
_b
Mc Graw Hill
_c
1989
300
_a
1968 p.
650
_a
Reference
700
_a
Elizabeth Salizby
999
_c
1437
_d
1437